Normal view
MARC view
- Soft computing
Entry Topical Term
001 - CONTROL NUMBER
- control field: 81697
003 - CONTROL NUMBER IDENTIFIER
- control field: NUST
005 - DATE AND TIME OF LATEST TRANSACTION
- control field: 20210825114115.0
008 - FIXED-LENGTH DATA ELEMENTS
- fixed length control field: 210825|| aca||aabn | a|a d
040 ## - CATALOGING SOURCE
- Original cataloging agency: NUST
- Transcribing agency: NUST
150 ## - HEADING--TOPICAL TERM
- Topical term or geographic name entry element: Soft computing
- Form subdivision: Congresses
670 ## - SOURCE DATA FOUND
- Source citation: Work cat.: (NUST)31915: Bustince, Humberto 81690, Fuzzy Sets and their Extensions :, c2008.
